000 00509nam a2200205 a 4500
001 BRCA_5685
005 20190320205159.0
008 020311s1915----gw-#######---#000-0#ger-#
041 _ager
044 _agw
050 4 _aQA75
_b.L46 1915
100 1 _aLenz, Karl
_914444
245 1 0 _aDie Rechenmaschinen und das Maschinenrechnen
_cKarl Lenz.
260 _aLeipzig
_bB. G. Teubner
_c1915
300 _a114 p.
_c18 cm.
500 _aH6
650 1 4 _aCalculadoras
_914445
902 _aGFM
942 _2lcc
_cB
999 _c5378
_d5378